000 00796cam a2200217 4500
001 ABS61333
008 000000n1999 000 0 eng u
035 _a(Sirsi) u100609
100 _aRidley, M.
245 _aStretching the envelope
260 _c1999
490 _aProperty Week
_v64(38) 1 October 1999, 66(1)
520 _aActive cladding systems can reduce greenhouse emissions, lower energy costs and improve the environment. This article suggests that surveyors should be aware of how cladding has been designed to work, and lists some questions that should be addressed.
590 _aABS
650 _aCLADDING SYSTEMS
650 _aENERGY COSTS
650 _aGREENHOUSE GAS EMISSIONS
650 _aACTIVE
690 _aBUILT ENVIRONMENT-BUILDING INSPECTION
942 _n0
999 _c60192
_d60192